Kultúrny dom Bardejov
Salvato in:
| Autore principale: | |
|---|---|
| Altri autori: | |
| Natura: | Manoscritto Libro |
| Lingua: | slovacco |
| Pubblicazione: |
2015
|
| Soggetti: | |
| Accesso online: | http://is.stuba.sk/zp/portal_zp.pl?podrobnosti=112127 https://opac.crzp.sk/?fn=detailBiblioForm&sid=78283B71680DBAF21B46D61D22D4 |
| Tags: |
Nessun Tag, puoi essere il primo ad aggiungerne!!
|
MARC
| LEADER | 00000ntm a22000003a 4500 | ||
|---|---|---|---|
| 001 | stuzp49868 | ||
| 003 | SK-STU | ||
| 005 | 20231108144803.3 | ||
| 007 | ta | ||
| 008 | 150427s2015----xo-----f-mn---000-0-slo-d | ||
| 040 | |a STU |b slo | ||
| 041 | 0 | |a slo | |
| 100 | 1 | |a Pituchová, Tatiana |u 010310 |4 aut |U SvF Stavebná fakulta |T SvF Katedra architektúry |X 68270 |U V181|V310 |Y 19 |7 A000068270 | |
| 242 | 0 | 1 | |a Cultural house |y eng |
| 245 | 1 | 0 | |a Kultúrny dom Bardejov |
| 260 | |c 2015 | ||
| 650 | 4 | |a Kultúrny dom |2 slo | |
| 650 | 4 | |a knižnica |2 slo | |
| 650 | 4 | |a kino |2 slo | |
| 650 | 4 | |a divadlo |2 slo | |
| 650 | 4 | |a výstava |2 slo | |
| 650 | 4 | |a theater |2 eng | |
| 650 | 4 | |a exhibition |2 eng | |
| 650 | 4 | |a cultural house |2 eng | |
| 650 | 4 | |a library |2 eng | |
| 650 | 4 | |a cinema |2 eng | |
| 700 | 1 | |a Mudrončík, Miloslav |4 ths |X 43277 |7 A000043277 | |
| 856 | 4 | |u http://is.stuba.sk/zp/portal_zp.pl?podrobnosti=112127 | |
| 856 | 4 | |u https://opac.crzp.sk/?fn=detailBiblioForm&sid=78283B71680DBAF21B46D61D22D4 | |
| SQL | |a stuzp49868 |b DDP |c SLO |d Kultúrny dom Bardejov |e 68270 |f Pituchová, Tatiana |g 010310 |h 43277 |i Mudrončík, Miloslav |j 20150617 |k 19 |l 01 |m http://is.stuba.sk/zp/portal_zp.pl?podrobnosti=112127 |n I-PSA |o 5.1.4. pozemné stavby, 5.1.1. architektúra a urbanizmus | ||